00785nam a2200181 a 4500001001000000005001700010008004100027020001500068040001800083050002100101245013900122260005000261300003100311500012800342500005400470650003400524650004500558BRCA_153520190320203449.0961211s1994 mx-a---##c---#000-0#spa-# a9687525010 aDLCcDLCdDLC 4aND255b.J69 199410aJoyas de la pintura mexicanabexposición temporal inauguralccoordinación general de exposición y catálogo Museo de Monterrey. aMonterrey, MéxicobMuseo de Monterreyc1994 a52 p.bil. a colorc28 cm. aCatálogo de la exposición realizada en el Museo de Historia Mexicana (Monterrey, México), noviembre - diciembre, 1994 aTítulo de cabecera : Museo de Historia Mexicana14aPintura mexicanavCatálogos14aPintura mexicanavExposicionesySiglo XX